00547nam a2200169 a 450000100080000000500110000800800410001910000170006024500590007726000390013630000130017552001300018865000120031865300090033070000180033970000200035716942752009-08-20 2002 bl uuuu u0uu1 u #d1 aBERGO, C. L. aCultivo da pupunha para produção de palmito no Acre. aRio Branco, AC: Embrapa-Acrec2002 c1 folder aClima e solo; Produção de mudas; Preparo das sementes; Semeadura; Repicagem; Manejo; Plantio; Tratos culturais; Adubação. aPupunha aAcre1 aSÁ, C. P. de1 aSILVA, M. P. da